|
|
|
|
| LEADER |
00000nam0a2200000 4500 |
| 001 |
286772 |
| 005 |
20231101235926.0 |
| 035 |
|
|
|a (RuTPU)RU\TPU\book\311117
|
| 035 |
|
|
|a RU\TPU\book\275626
|
| 090 |
|
|
|a 286772
|
| 100 |
|
|
|a 20150310d1984 k y0rusy5003 ca
|
| 101 |
0 |
|
|a rus
|
| 102 |
|
|
|a RU
|
| 105 |
|
|
|a a z 001zy
|
| 200 |
1 |
|
|a Теплообмен и трение в двигателях и энергетических установках летательных аппаратов
|e межвузовский сборник
|f Казанский авиационный институт им. А. Н. Туполева (КАИ)
|
| 210 |
|
|
|a Казань
|c Изд-во Казанского авиационного института
|d 1984
|
| 215 |
|
|
|a 74 с.
|c ил.
|
| 320 |
|
|
|a Библиогр. в конце статей
|
| 606 |
1 |
|
|a Авиационные двигатели
|x Тепловые процессы
|2 stltpush
|3 (RuTPU)RU\TPU\subj\252
|9 29236
|
| 606 |
1 |
|
|a Летательные аппараты
|x Силовое оборудование
|2 stltpush
|3 (RuTPU)RU\TPU\subj\40098
|9 59970
|
| 610 |
1 |
|
|a энергетическое оборудование
|
| 610 |
1 |
|
|a трение
|
| 610 |
1 |
|
|a теплообмен
|
| 610 |
1 |
|
|a потоки
|
| 610 |
1 |
|
|a турбулентная структура
|
| 610 |
1 |
|
|a турбулентные газовые струи
|
| 610 |
1 |
|
|a пограничные слои
|
| 610 |
1 |
|
|a вращающиеся теплообменники
|
| 610 |
1 |
|
|a дисперсные потоки
|
| 610 |
1 |
|
|a силовые приводы
|
| 610 |
1 |
|
|a градиентное давление
|
| 675 |
|
|
|a 621.431.75.01
|z rus
|v 4
|
| 675 |
|
|
|a 629.73.03
|z rus
|v 4
|
| 712 |
0 |
2 |
|a Казанский авиационный институт им. А. Н. Туполева (КАИ)
|c (1932-1992)
|2 stltpush
|3 (RuTPU)RU\TPU\col\10046
|
| 801 |
|
0 |
|a RU
|b 63413507
|c 19950417
|g psbo
|
| 801 |
|
1 |
|a RU
|b 63413507
|c 20140312
|
| 801 |
|
2 |
|a RU
|b 63413507
|c 20190611
|g RCR
|
| 942 |
|
|
|c BK
|